Một số chất ô nhiễm hữu cơ bền trong môi trường biển ven bờ phía Bắc Việt Nam

Phân tích sơ đồ làm sạch nước thải, các phương pháp thực hiện; Làm sạch nước luân chuyển; Các hệ thống cấp nước khép kín; Làm sạch nước thải bằng màng lọc; Giám sát sự ô nhiễm môi trường nước; Xác lập mô hình toán học tối ưu he...

Szczegółowa specyfikacja

Zapisane w:
Opis bibliograficzny
1. autor: Dương, Thanh Nghị
Format: Książka
Język:Undetermined
Wydane: Hà Nội Nxb. Khoa học tự nhiên và Công nghệ 2017
Hasła przedmiotowe:
Etykiety: Dodaj etykietę
Nie ma etykietki, Dołącz pierwszą etykiete!
Thư viện lưu trữ: Trung tâm Học liệu Trường Đại học Cần Thơ
LEADER 01143nam a2200193Ia 4500
001 CTU_227484
008 210402s9999 xx 000 0 und d
082 |a 363.738 
082 |b Ngh300 
100 |a Dương, Thanh Nghị 
245 0 |a Một số chất ô nhiễm hữu cơ bền trong môi trường biển ven bờ phía Bắc Việt Nam 
245 0 |c Dương Thanh Nghị (Chủ biên) ; Trần Đức Thạnh, Đỗ Quang Huy 
260 |a Hà Nội 
260 |b Nxb. Khoa học tự nhiên và Công nghệ 
260 |c 2017 
520 |a Phân tích sơ đồ làm sạch nước thải, các phương pháp thực hiện; Làm sạch nước luân chuyển; Các hệ thống cấp nước khép kín; Làm sạch nước thải bằng màng lọc; Giám sát sự ô nhiễm môi trường nước; Xác lập mô hình toán học tối ưu hệ làm sạch nước thải 
650 |a Ô nhiễm biển,Marine pollution 
910 |b nthai 
980 |a Trung tâm Học liệu Trường Đại học Cần Thơ